LEADER 01440nam 2200397 a 450 001 9910693153803321 005 20041230154605.0 035 $a(CKB)5470000002359977 035 $a(OCoLC)57351765 035 9 $aocm57351765 035 $a(OCoLC)995470000002359977 035 $a(EXLCZ)995470000002359977 100 $a20041230d2004 ua 0 101 0 $aeng 135 $aurmn|||||| 181 $ctxt$2rdacontent 182 $cc$2rdamedia 183 $acr$2rdacarrier 200 10$aHomeland Security$b[electronic resource] $efurther action needed to promote successful use of special DHS acquisition authority : report to congressional committees 210 1$a[Washington, D.C.] :$cU.S. Government Accountability Office,$d[2004] 300 $aTitle from title screen (viewed on Dec. 20, 2004). 300 $a"December 2004." 300 $aPaper version available from: U.S. Government Accountability Office, 441 G St., NW, Rm. LM, Washington, D.C. 20548. 300 $a"GAO-05-136." 320 $aIncludes bibliographical references. 517 $aHomeland Security 606 $aGovernment purchasing$zUnited States$xEvaluation 606 $aGovernment contractors$zUnited States 615 0$aGovernment purchasing$xEvaluation. 615 0$aGovernment contractors 801 0$bGPO 801 1$bGPO 906 $aBOOK 912 $a9910693153803321 996 $aHomeland Security$91686681 997 $aUNINA LEADER 01637oam 2200493 450 001 9910711939803321 005 20190315133955.0 035 $a(CKB)5470000002488695 035 $a(OCoLC)1031715301 035 $a(EXLCZ)995470000002488695 100 $a20180419d2014 ua 0 101 0 $aeng 135 $aur||||||||||| 181 $ctxt$2rdacontent 182 $cc$2rdamedia 183 $acr$2rdacarrier 200 12$aA compilation of K-Ar-ages for southern California /$fby Fred K. Miller, Douglas M. Morton, Janet L. Morton, and David M. Miller 210 1$aReston, Virginia :$cU.S. Department of the Interior, U.S. Geological Survey,$d2014. 215 $a1 online resource (iii, 3 pages) $ccolor maps 225 1 $aOpen-file report,$x2331-1258 ;$v2014-1195 320 $aIncludes bibliographical references (page 3). 606 $aPotassium-argon dating 606 $aIgneous rocks$zCalifornia$xDating 606 $aIgneous rocks$2fast 606 $aPotassium-argon dating$2fast 607 $aCalifornia$2fast 615 0$aPotassium-argon dating. 615 0$aIgneous rocks$xDating. 615 7$aIgneous rocks. 615 7$aPotassium-argon dating. 700 $aMiller$b Fred K.$0124714 702 $aMorton$b Douglas M. 702 $aMorton$b J. L. 702 $aMiller$b David M$g(David MacArthur),$f1951- 712 02$aGeological Survey (U.S.), 801 0$bCOP 801 1$bCOP 801 2$bOCLCO 801 2$bOCLCF 801 2$bGPO 906 $aBOOK 912 $a9910711939803321 996 $aA compilation of K-Ar-ages for southern California$93509088 997 $aUNINA